Экспериментальные методы в сильноточной электронике: учебное пособие

Dades bibliogràfiques
Autor principal: Климов А. И. Алексей Иванович
Autor corporatiu: Томский политехнический университет (ТПУ)
Sumari:Заглавие с титульного экрана
Электронная версия печатной публикации
В учебном пособии описаны экспериментальные методы в сильноточной электронике, в том числе особенности осциллографической регистрации наносекундных сигналов, высоковольтных импульсов напряжения и больших импульсных токов, измерения параметров сильноточныхэлектронных пучков и мощных импульсов СВЧ-излучения, радиосигнальные линии передачи и методы борьбы с электромагнитными помехами. Разработано в рамках реализации Инновационной образовательнойпрограммы ТПУ по направлению «Энергосберегающие, базовые, специальные и промышленные электроразрядные, радиационные и плазменно-пучковые технологии». Пособие предназначено для магистрантов, обучающихся по направлениям «Микроволновая электроника» и «Физическая электроника», а также может быть полезно студентам, аспирантам, инженерно-техническим и научным работникам, специализирующимся в области мощной импульсной техники и электрофизики
Текстовый файл
AM_TPU_network
Idioma:rus
Publicat: Томск, Изд-во ТПУ, 2009
Matèries:
Accés en línia:http://www.lib.tpu.ru/fulltext2/m/2009/m52.pdf
Format: MixedMaterials Electrònic Llibre
KOHA link:https://koha.lib.tpu.ru/cgi-bin/koha/opac-detail.pl?biblionumber=164190

MARC

LEADER 00000nam0a2200000 4500
001 164190
005 20260120121516.0
035 |a (RuTPU)RU\TPU\book\178138 
090 |a 164190 
100 |a 20090902d2009 m y0rusy50 ca 
101 0 |a rus 
102 |a RU 
105 |a a j 001zy 
135 |a vrcn ---uucaa 
181 0 |a i   |b  e  
182 0 |a b 
183 0 |a cr  |2 RDAcarrier 
200 1 |a Экспериментальные методы в сильноточной электронике  |e учебное пособие  |f А. И. Климов  |g Томский политехнический университет 
203 |a Текст  |c электронный  |b визуальный 
210 |a Томск  |c Изд-во ТПУ  |d 2009 
283 |a online_resource  |2 RDAcarrier 
300 |a Заглавие с титульного экрана 
300 |a Электронная версия печатной публикации 
330 |a В учебном пособии описаны экспериментальные методы в сильноточной электронике, в том числе особенности осциллографической регистрации наносекундных сигналов, высоковольтных импульсов напряжения и больших импульсных токов, измерения параметров сильноточныхэлектронных пучков и мощных импульсов СВЧ-излучения, радиосигнальные линии передачи и методы борьбы с электромагнитными помехами. Разработано в рамках реализации Инновационной образовательнойпрограммы ТПУ по направлению «Энергосберегающие, базовые, специальные и промышленные электроразрядные, радиационные и плазменно-пучковые технологии». Пособие предназначено для магистрантов, обучающихся по направлениям «Микроволновая электроника» и «Физическая электроника», а также может быть полезно студентам, аспирантам, инженерно-техническим и научным работникам, специализирующимся в области мощной импульсной техники и электрофизики 
336 |a Текстовый файл 
371 0 |a AM_TPU_network 
452 1 |0 (RuTPU)RU\TPU\book\175626  |t Экспериментальные методы в сильноточной электронике  |o учебное пособие  |f А. И. Климов  |g Томский политехнический университет (ТПУ)  |c Томск  |n Изд-во ТПУ  |d 2009  |p 229 с.  |a Климов, Алексей Иванович 
606 |a Сильноточная электроника  |x Физика  |2 stltpush  |3 (RuTPU)RU\TPU\subj\54819  |9 72900 
610 1 |a сигналы 
610 1 |a импульсы 
610 1 |a спектральные параметры 
610 1 |a измерение 
610 1 |a осциллографические методы 
610 1 |a электромагнитные помехи 
610 1 |a высокие импульсные напряжения 
610 1 |a импульсные токи 
610 1 |a пучки заряженных частиц 
610 1 |a параметры 
610 1 |a СВЧ-излучение 
610 1 |a наносекундные импульсы 
610 1 |a антенные измерения 
610 1 |a волноводные измерения 
610 1 |a детекторные измерения 
610 1 |a регистрация 
610 1 |a энергия 
610 1 |a когерентность 
610 1 |a учебные пособия 
610 1 |a труды учёных ТПУ 
610 1 |a электронный ресурс 
675 |a 537.533.2(075.8)  |v 3 
700 1 |a Климов  |b А. И.  |c специалист в области электроники  |c доцент Томского политехнического университета, кандидат физико-математических наук  |f 1955-  |g Алексей Иванович  |3 (RuTPU)RU\TPU\pers\31691  |9 15822 
712 0 2 |a Томский политехнический университет (ТПУ)  |c (1991- )  |3 (RuTPU)RU\TPU\col\376 
801 1 |a RU  |b 63413507  |c 20090902 
801 2 |a RU  |b 63413507  |c 20170203  |g RCR 
856 4 |u http://www.lib.tpu.ru/fulltext2/m/2009/m52.pdf  |z http://www.lib.tpu.ru/fulltext2/m/2009/m52.pdf 
942 |c CF